Quiz Ninjago - Statistiques

Statistiques générales
  • Ce quiz a été pris 2 311 fois
  • Le résultat moyen est 13 sur 15
Statistiques - réponses
Question Réponse % Correct
Comment s'appelle le père de Lloyd ? Garmadon
99%
Comment s'appelle le ninja rouge ? Kai
99%
Comment s'appelle la sœur de Kai ? Nya
99%
Quel élément maitrise Zane ? Glace
98%
Comment s'appelle le sensei des 4 ninja ? Wu
98%
Comment s'apelle l'autre Nindroïde ( Zane et qui ? ) P.i.x.a.l
94%
Comment s'appelle la fille de maitre Chen ? Skylor
93%
Qui sont Ray et Maya ? Les parent de Kai et Nya
92%
Qui est le grand dévoreur ? Un serpent gigantesque qui grandit au fur et à mesure qu'il mange
90%
De qui Llyod était amoureux ? Harumi
89%
Qui est Morro ? le maître élémentaire du vent et le premier élève de Wu
85%
Comment s'appelle le garçon en fauteuil roulant dans la saison 6 Nelson
84%
comment s'apelle maître de l’ombre, membre de la résistance lors de la saison 9 ? Shadow
74%
Comment s'appelle la veille femme qui vit au royaume de non-retour ? Sorla
46%
Comment s'apelle celui qui autrefois travaillé pour Chen ? Ronan
23%
Aucun quiz correspondant
Distribution des résultats
% des personnes avec chaque résultat
Percentile par nombre de réponses
Votre historique - résultats
Vous n’avez pas pris ce quiz